00425cam a2200181 i 4500001000800000005001700008008004100025010001700066020001500083040001800098041000800116080001600124082001600140100000700156101000800163245004600171504002600217129062320180115042255.0760820s1976 enka b 001 0 eng  a 76041384  a0283983132 aDLCcDLCdDLC aeng a940.544 WIN00a940.544 WIN1 a16 aHIS10aAir power at sea, 1939-45 /cJohn Winton. aBibliography: p. 184.